• 首页
  • 本馆介绍
  • 公告通知
  • 最新文献
  • 馆藏检索
  • 电子资源
  • 读者导购
  • 参考咨询
  • 我的图书馆
  • 登录
  • 详细信息显示
  • 放入我的书架
  • 预约/预借图书
  • 作者相关作品
  • 分类相关作品
  • 丛书相关作品
  • 出版社相关作品

书目信息

  • 表格格式
  • 工作单格式
  • 卡片格式
题名:
中国民歌
    
 
作者: ;文化部文学艺术研究院音乐研究所 编
分册: 第一卷  
出版信息: 上海   上海文艺出版社  1980
页数: 578页
开本: 21cm
丛书名:
单 册:
中图分类: J642.2
科图分类: 48.982
主题词: 民歌--中国--选集
电子资源:
ISBN: 8078.3190
000 00770nam0 2200253 450
001 012004000727
005 20100713164939.0
010    @a8078.3190@dCNY1.85
091    @a8078.3190@dCNY1.85
099    @aCAL 012000549316
100    @a19970312d1980 fkmy0chiy0121 ea
101 0  @achi
102    @aCN@b310000
105    @ag z 000yy
106    @ar
200 1  @a中国民歌@9Zhong Guo Min Ge @f文化部文学艺术研究院音乐研究所编@h第一卷
210    @a上海@c上海文艺出版社@d1980
215    @a578页@d21cm
606 0  @a民歌@y中国@j选集
690    @aJ642.2@v3
692    @a48.982
711 02 @a文化部文学艺术研究院音乐研究所@9wen hua bu wen xue yi shu yan jiu yuan yin yue yan jiu suo@4编
801  0 @aCN@bAzMarc@c20130904
905    @aBZT@dJ642.2@e117:1@f1@sJ642.2/117:1
    
    中国民歌/文化部文学艺术研究院音乐研究所编.第一卷.-上海:上海文艺出版社,1980
    578页;21cm
    
    
    ISBN 8078.3190:CNY1.85
    
●
相关链接 在五车中查询图书 在当当中查询图书 在豆瓣中查询图书


正题名:中国民歌     索取号:J642.2/117:1         预约/预借

序号 登录号 条形码 馆藏地/架位号 状态 备注
1 2000082247   2000082247   旧书回溯/ [索取号:J642.2/117:1] 在馆    
山东省滨州职业学院图书馆 欢迎您!
大连网信软件有限公司© 版权所有